Últimos pensamientos (Registro nro. 5955)
[ vista simple ]
| 000 -LEADER | |
|---|---|
| fixed length control field | 00869 a2200205 4500 |
| 001 - CONTROL NUMBER | |
| control field | 55433 |
| 005 - DATE AND TIME OF LATEST TRANSACTION | |
| control field | 20260407155828.0 |
| 008 - FIXED-LENGTH DATA ELEMENTS--GENERAL INFORMATION | |
| fixed length control field | 260407a1946 arg spa d |
| 003 - CONTROL NUMBER IDENTIFIER | |
| control field | AR-UNSa-BCEJYS |
| 040 ## - CATALOGING SOURCE | |
| Original cataloging agency | AR-UNSa-BCEJYS |
| Language of cataloging | spa |
| Transcribing agency | AR-UNSa-BCEJYS |
| 080 ## - UNIVERSAL DECIMAL CLASSIFICATION NUMBER | |
| Universal Decimal Classification number | 001.1 |
| Common auxiliary subdivision | Conceptos de la ciencia y del conocimiento |
| 041 ## - LANGUAGE CODE | |
| Language code of text/sound track or separate title | spa |
| 100 1# - MAIN ENTRY--PERSONAL NAME | |
| Personal name | Poincare, Jules Henri |
| 245 10 - TITLE STATEMENT | |
| Title | Últimos pensamientos |
| 264 #1 - PRODUCTION, PUBLICATION, DISTRIBUTION, MANUFACTURE, AND COPYRIGHT NOTICE | |
| Place of production, publication, distribution, manufacture | Buenos Aires : |
| Name of producer, publisher, distributor, manufacturer | Espasa-Calpe Argentina |
| Date of production, publication, distribution, manufacture, or copyright notice | 1946 |
| 300 ## - PHYSICAL DESCRIPTION | |
| Extent | 163 p. |
| Dimensions | 18 cm. |
| 505 ## - FORMATTED CONTENTS NOTE | |
| Formatted contents note | 1. La evolución de las leyes - 2. El espacio y el tiempo - 3. ¿Por qué el espacio tiene tres dimensiones? - 4. La lógica de lo infinito - 5. La matemática y la lógica - 6. La hipótesis de los cuantos - 7. Las relaciones de la materia y el éter - 8. La moral y la ciencia - 9. La unión moral |
| 590 ## - LOCAL NOTE (RLIN) | |
| Local note | niveau_biblio:m niveau_hierar:0 |
| 942 ## - ADDED ENTRY ELEMENTS (KOHA) | |
| Koha item type | |
| Withdrawn status | Lost status | Damaged status | Not for loan | Home library | Current library | Shelving location | Date acquired | Total checkouts | Full call number | Barcode | Date last seen | Price effective from | Koha item type |
|---|---|---|---|---|---|---|---|---|---|---|---|---|---|
| Biblioteca Prof. Eusebio Cleto del Rey | Biblioteca Prof. Eusebio Cleto del Rey | 07/04/2026 | 001.1 P751 | L20566 | 07/04/2026 | 07/04/2026 | Libro |